| 000 | 00787nam a2200253 a 4500 | ||
|---|---|---|---|
| 001 | 25835 | ||
| 003 | CO-ViMGA | ||
| 008 | 141112s2004 ck r 000 u spa d | ||
| 020 | _a9789585810907 | ||
| 040 |
_aCO-ViMGA _bspa _cCO-ViMGA |
||
| 041 | _aSPA | ||
| 090 | _aC QUI1 | ||
| 100 | 1 |
_aQuiroga, Horacio, 1878 - 1937 _940139 |
|
| 245 | 1 | 0 |
_aAnaconda y otros cuentos / _cHoracio Quiroga ; ilustrado por Miguel Carini ; prólogo de Alberto Manguel |
| 250 | _a2a ed. | ||
| 260 |
_aBogotá : _bAlcalá, _c2013 |
||
| 300 | _a144 p. : il. col. | ||
| 490 | _aLibros de autor ilustrados | ||
| 650 | 1 | 4 |
_aAUTORES URUGUAYOS _940140 |
| 650 | 1 | 4 |
_aCUENTOS URUGUAYOS - SIGLO XX _940141 |
| 650 | 1 | 4 |
_aLITERATURA URUGUAYA - SIGLO XX _940142 |
| 700 | 1 |
_aCarini, Miguel _940143 |
|
| 942 |
_2ddc _cBK |
||
| 999 |
_c5400 _d5400 |
||